zpět

Detail výsledku týmu

Na Hale, Hluk

Datum a čas kvízu

40 Celkem bodů Celkový počet nahraných bodů na tomto kvízu bez doplňovacích otázek.
2. Pořadí na kvízu Konečné umístění týmu na tomto kvízu.

Zaznamenané odpovědi

# Otázka Odpověď Body Výsledky
1. Jedno ze zvířat, které pražská... kůň Převalského 1
2. Která sopka se v pondělí probu... Etna 1
3. V pondělí byla slavnostně zahá... Jakub Prachař 1
4. V návaznosti na jistou událost... o Teslu 1
5. České reprezentantky v pátek o... o volejbalu 0
6. Které slavné literární dílo je... Kámasútra 1
7. Nyní uvidíte krátký úryvek z p... Bible 1
8. Charles Darwin strávil v roce... Galapágy; pěnkavy 1
9. Za půl bodu uveďte, ze kterého... Vladař; Niccoló Machiavelli 1
10. Ať už jste či nejste fanoušky... 2007 (2006 a 2008 za půl bodu) 0